Statystyki dla Harry Potter - Bardzo łatwy quizik.

Kliknij tutaj aby rozwiązać quiz!

Ogólne statystyki

  • Ten quiz został rozwiązany 265 razy
  • Średni wynik to 7 z 15

Statystyki odpowiedzi

HintOdpowiedź% Poprawnych
Ile punktów stracił Gryffindor podczas pierwszej lekcji eliksirów z Profesorem Snapem ?1
94%
Ile punktów zdobywa się za złapanie Złotego Znicza ?150
68%
Jaki pseudonim posiadał Syriusz Black ?Łapa
64%
Jaiej marki był latający samochód Weasleyów ?Ford
57%
Co trzeba zrobić aby rozszczepić duszę ?Zabić
57%
Które magiczne stworzenie zostało poddane egzekucji w Więźniu Azkabanu ?Hipogryf
54%
Kto wchodził w skład Huncwotów ?James Potter, Remus Lupin, Peter Pettigrew, Syriusz Black
44%
Jak się nazywa najsilniejszy eliksir miłosny ?Amortencja
43%
Jaki dopisek widniał przy zaklęciu Sectum Sempra w podręczniku eliksirów Harry'ego ?Na wrogów
41%
Kto jako pierwszy został przydzielony do domu w czasie pierwszej wizyty Harry'ego w Hogwarcie ?Hermiona Granger
40%
Jak nazywało się zwierciadło, które pokazywało najgłębiej skryte marzenia ?Ain Eingarp
38%
Kto odnalazł Medalion Salazara Slytherina, który był Horkruksem ?Regulus Black
35%
Którzy członkowie Zakonu Feniksa byli w Norze (domu Weasley'ów) podczas ataku śmierciożerców ?Harry Potter, Nimfadora Tonks, Remus Lupin, Artur Weasly, Molly Weasly
17%
Jakie zaklęcie wykrywało obecność innych osób w okolicy ?Homenum Revelio
6%
Co pozostawił Dumbledore w swoim testamencie dla Harry'ego , Rona i Hermiony ?Wygaszacz, baśnie barda beedle'a, Złoty Znicz, Miecz Godryka Griffindora
3%

Rozkład punktacji

Percentyl według liczby udzielonych odpowiedzi

Procent ludzi z każdym wynikiem

Twoja historia wyników

Nie rozwiązałeś tego quizu